Geometría descriptiva tridimensional

Bibliographic Details
Main Author: Slaby, Steve M
Format: Section = Libro
Language:Undetermined
Spanish
Published: México Pearson Educación 1968
Subjects:
LEADER 00591nam a2200205Ia 4500
008 241007s9999||||xx |||||||||||||| ||und||
040 |a BIBLIOTECA-RURC/ 516.001 S631 
041 |a spa 
082 |a 516.001 S631 
100 1 |a Slaby, Steve M 
245 1 0 |a Geometría descriptiva tridimensional 
260 |a México  |b Pearson Educación  |c 1968 
300 |a 463 p. :il. 
650 7 |a GEOMETRIA DESCRIPTIVA 
650 7 |b  RECTAS EN ESPACIO TRIDIMENSIONAL 
650 7 |c  SUPERFICIES PLANAS 
650 7 |d  RELACIÓN ESPACIALES DE RECTAS Y PLANOS. 
942 |c BK  |2 ddc 
991 |a TEXTO 
999 |c 14372